000 00446nam a22001697a 4500
003 OSt
005 20221213123933.0
008 221213b |||||||| |||| 00| 0 eng d
040 _cDLC
050 _bV496L
082 _bV496L
100 _aVerghese, Babu K.
245 _aLet there be India:
_bImpact of the Bible on Nation Building/
_cby Babu K. Verghese.
260 _aChennai, India:
_bWOC Pub.,
_c2017.
300 _a200p.
942 _2ddc
_cBK
999 _c11083
_d11083